| 000 | 00755cab a2200241 4500 | ||
|---|---|---|---|
| 001 | X1076 | ||
| 008 | 090401t1993 xxu||||| |||| 00| 0 eng d | ||
| 035 | _a(Sirsi) u14575 | ||
| 041 | _aeng | ||
| 245 | _aValuation advice - clients` needs to be reassessed | ||
| 260 | _c1993 | ||
| 350 | _a0 | ||
| 490 |
_aCS Monthly : General Practice _v3(2) October 1993, 2(1) |
||
| 520 | _aTrends in clinet demand for commercial property valuation advice are to be investigated by a presidential working party chaired by Michael Mallinson. | ||
| 650 | _aCLIENTS NEEDS | ||
| 650 | _aMICHAEL MALLINSON | ||
| 650 | _aPRESIDENTIAL WORKING PARTY | ||
| 650 | _aRICS | ||
| 650 | _aVALUATIONS | ||
| 690 | _aRATING AND VALUATION | ||
| 942 | _n0 | ||
| 948 | _c04/03/1997 | ||
| 999 |
_c9509 _d9509 |
||